[Event "DVM U10 2015"]
[Site "Magdeburg GER"]
[Date "2015.12.29"]
[Round "6"]
[White "Richter, Nicholas"]
[Black "Anosowitsch, Nick"]
[Result "1-0"]
[Termination "normal"]
[Board "12.2"]
[WhiteElo "1105"]
[BlackElo "875"]
[WhiteTeam "SV Dresden-Striesen 1990"]
[BlackTeam "KSV Rochade Göttingen 1"]
[PlyCount "93"]
[WhiteFideId "16244834"]
[EventCountry "GER"]
[EventRounds "7"]
[EventType "team-swiss"]
[EventDate "2015.12.27"]

1. d4 d5 2. c4 e6 3. Nc3 Nf6 4. Nf3 Bb4 5. Bd2 O-O 6. e3 Re8 7. Bd3 Bd7 8. a3
Be7 9. Qc2 c5 10. O-O cxd4 11. exd4 Nc6 12. cxd5 exd5 13. Bg5 Bg4 14. Be2 Bxf3
15. Bxf3 Nxd4 16. Qd3 Nxf3+ 17. Qxf3 Ne4 18. Nxe4 dxe4 19. Bxe7 Rxe7 20. Qb3
Rc8 21. Rad1 Qb6 22. Qd5 e3 23. fxe3 Rxe3 24. Rf2 Re2 25. Qxf7+ Kh8 26. Rdf1
Rxf2 27. Qxf2 Qxf2+ 28. Rxf2 Kg8 29. Rd2 Rc1+ 30. Kf2 Kf8 31. Kg3 Kf7 32. Re2
Kf6 33. h4 Rc4 34. Kh2 g5 35. hxg5+ Kxg5 36. Re7 h5 37. Rxb7 h4 38. Kh3 Rg4 39.
Rg7+ Kf5 40. Rxg4 a5 41. Rxh4 Ke5 42. g4 Kf6 43. b4 axb4 44. axb4 Ke7 45. b5
Kd7 46. b6 Ke7 47. b7 1-0

[Event "DVM U10 2015"]
[Site "Magdeburg GER"]
[Date "2015.12.29"]
[Round "6"]
[White "Haugner, Quentin"]
[Black "Gargulla, Matti"]
[Result "1/2-1/2"]
[Termination "normal"]
[Board "12.4"]
[WhiteElo "827"]
[BlackElo "919"]
[WhiteTeam "SV Dresden-Striesen 1990"]
[BlackTeam "KSV Rochade Göttingen 1"]
[PlyCount "128"]
[EventCountry "GER"]
[EventRounds "7"]
[EventType "team-swiss"]
[EventDate "2015.12.27"]

1. e4 e5 2. Nf3 Nc6 3. Bc4 Nf6 4. Nc3 Nxe4 5. Nxe4 d5 6. Bxd5 Qxd5 7. Nc3 Qc4
8. h3 Bd6 9. d3 Qe6 10. O-O O-O 11. Nb5 Qg6 12. b3 Bxh3 13. Nh4 Qg4 14. Qxg4
Bxg4 15. Re1 a6 16. Nc3 Rfe8 17. Nd5 Be6 18. Nc3 Bb4 19. Bd2 Bd7 20. Red1 Bxc3
21. Bxc3 e4 22. Re1 exd3 23. Rxe8+ Rxe8 24. cxd3 g5 25. Nf3 h6 26. Re1 Rxe1+
27. Nxe1 Kh7 28. d4 f5 29. d5 Ne7 30. Bd2 c6 31. dxc6 Bxc6 32. g3 g4 33. Nd3 b5
34. Ne5 Bb7 35. Bb4 Nd5 36. Bd2 h5 37. a3 Nf6 38. Be3 Ne4 39. Bd4 Nd2 40. Be3
Nxb3 41. Nd7 Kg6 42. Ne5+ Kf6 43. Nd7+ Ke6 44. Nf8+ Kf7 45. Bh6 Nd2 46. Nd7
Nf3+ 47. Kf1 Nd2+ 48. Bxd2 Ke7 49. Nc5 Bc8 50. Bg5+ Kd6 51. Nd3 Kd5 52. Nf4+
Ke4 53. Nxh5 a5 54. Bd2 a4 55. Bc1 Kd3 56. Nf4+ Kc2 57. Be3 Kb3 58. Nd5 Be6 59.
Ne7 Bd7 60. Bc5 Kc4 61. Be3 Kd3 62. Bg5 Kc4 63. Ke1 b4 64. Be3 b3 1/2-1/2

[Event "DVM U10 2015"]
[Site "Magdeburg GER"]
[Date "2015.12.29"]
[Round "6"]
[White "Stockmann, Till"]
[Black "Danielsen, Asger"]
[Result "1-0"]
[Termination "normal"]
[Board "13.1"]
[WhiteElo "1482"]
[BlackElo "875"]
[WhiteTeam "VfL Gräfenhainichen"]
[BlackTeam "SchachAkademiePaderborn 2"]
[PlyCount "24"]
[WhiteFideId "12979341"]
[EventCountry "GER"]
[EventRounds "7"]
[EventType "team-swiss"]
[EventDate "2015.12.27"]

1. e4 e6 2. d4 d5 3. exd5 exd5 4. Nf3 Bd6 5. Nc3 Nf6 6. Bd3 Nc6 7. O-O Be6 8.
Bg5 Qd7 9. a3 Bg4 10. Re1+ Be7 11. h3 Be6 12. Bf5 {Rest nich nachvollziehbar}
b5 1-0

[Event "DVM U10 2015"]
[Site "Magdeburg GER"]
[Date "2015.12.29"]
[Round "6"]
[White "Nourzad, Shayan"]
[Black "Grunemann, Jonas"]
[Result "1/2-1/2"]
[Termination "normal"]
[Board "13.2"]
[WhiteElo "929"]
[BlackElo "970"]
[WhiteTeam "SchachAkademiePaderborn 2"]
[BlackTeam "VfL Gräfenhainichen"]
[PlyCount "55"]
[WhiteFideId "16274890"]
[BlackFideId "16255577"]
[EventCountry "GER"]
[EventRounds "7"]
[EventType "team-swiss"]
[EventDate "2015.12.27"]

1. e4 e5 2. d4 exd4 3. Qxd4 Nc6 4. Qe3 Nb4 5. Qc3 Nf6 6. Bg5 Be7 7. Bxf6 Bxf6
8. Qxb4 d6 9. Nf3 a5 10. Qb3 Be6 11. c4 a4 12. Qb4 O-O 13. Nc3 Be7 14. Qxb7 Qc8
15. Qxc8 Bxc8 16. Nd5 Bd8 17. Bd3 a3 18. b3 c6 19. Nb4 Ba5 20. O-O Bxb4 21. Nd4
Bc3 22. Rac1 Bxd4 23. Rcd1 c5 24. Rc1 f5 25. b4 fxe4 26. Bxe4 Rb8 27. Bd5+ Kh8
28. bxc5 {Rest nicht nachvollziehbar} 1/2-1/2

[Event "DVM U10 2015"]
[Site "Magdeburg GER"]
[Date "2015.12.29"]
[Round "6"]
[White "Mischke, Richard"]
[Black "Schäfer, Anton"]
[Result "0-1"]
[Termination "normal"]
[Board "13.3"]
[WhiteElo "916"]
[BlackElo "890"]
[WhiteTeam "VfL Gräfenhainichen"]
[BlackTeam "SchachAkademiePaderborn 2"]
[PlyCount "21"]
[WhiteFideId "16255585"]
[EventCountry "GER"]
[EventRounds "7"]
[EventType "team-swiss"]
[EventDate "2015.12.27"]

1. e4 e6 2. Nf3 d5 3. exd5 exd5 4. Nc3 Nf6 5. Be2 Bc5 6. O-O O-O 7. d4 Bd6 8.
Bg5 Be7 9. Bd3 Bg4 10. Be2 Nbd7 11. h3 {nicht weiter nachvollziehbar} 0-1

[Event "DVM U10 2015"]
[Site "Magdeburg GER"]
[Date "2015.12.29"]
[Round "6"]
[White "Fuhrmann, Bahne"]
[Black "Klühs, Gustaf"]
[Result "0-1"]
[Termination "normal"]
[Board "14.1"]
[WhiteElo "1131"]
[BlackElo "1129"]
[WhiteTeam "Hamburger SK von 1830 4"]
[BlackTeam "Sfr.Nord-Ost Berlin 2"]
[PlyCount "51"]
[WhiteFideId "16244842"]
[BlackFideId "16228936"]
[EventCountry "GER"]
[EventRounds "7"]
[EventType "team-swiss"]
[EventDate "2015.12.27"]

1. e4 e6 2. d4 d5 3. e5 c5 4. c3 Nc6 5. Nf3 Qb6 6. Bd3 Bd7 7. Be3 Qxb2 8. Nbd2
Qxc3 9. Bb5 Qa5 10. Ba4 b5 11. Bc2 c4 12. O-O Nge7 13. Ng5 h6 14. Qh5 g6 15.
Qh3 Bg7 16. Ngf3 Nf5 17. Bxf5 exf5 18. Qg3 g5 19. Rfc1 f4 20. Bxf4 gxf4 21.
Qxg7 Rf8 22. Qxh6 Nxd4 23. Rf1 Nxf3+ 24. Nxf3 Qb6 25. Qxf4 Qg6 26. Qf6 {nicht
weiter nachvollziehbar} 0-1

[Event "DVM U10 2015"]
[Site "Magdeburg GER"]
[Date "2015.12.29"]
[Round "6"]
[White "Seibt, Bruno"]
[Black "Niemann, Leon"]
[Result "0-1"]
[Termination "normal"]
[Board "15.1"]
[WhiteElo "1050"]
[BlackElo "1090"]
[WhiteTeam "SC 1994 Oberland"]
[BlackTeam "Hannover 96"]
[PlyCount "96"]
[WhiteFideId "16219988"]
[BlackFideId "16218388"]
[EventCountry "GER"]
[EventRounds "7"]
[EventType "team-swiss"]
[EventDate "2015.12.27"]

1. e4 c5 2. Nf3 Nc6 3. d4 cxd4 4. Nxd4 g6 5. Nc3 Bg7 6. Be3 Nf6 7. f3 O-O 8.
Qd2 e6 9. O-O-O d5 10. Bg5 Qd7 11. Be2 h5 12. h4 a6 13. Qe3 Nxd4 14. Rxd4 Nxe4
15. Qxe4 dxe4 16. Rxd7 Bxd7 17. Nxe4 Bc6 18. Bd3 Bxe4 19. Bxe4 Rab8 20. g4 f5
21. Bd3 Kh7 22. Bf4 Rbc8 23. Rg1 Rfd8 24. Be2 Bh6 25. Bxh6 Kxh6 26. gxh5 gxh5
27. f4 Rg8 28. Rd1 Rcd8 29. Re1 b5 30. a3 Rd4 31. Rf1 Rg2 32. Bd3 Rg4 33. Re1
Rdxf4 34. Rxe6+ Rg6 35. Re2 Rgg4 36. Bxf5 Rg1+ 37. Kd2 Rg2 38. Be4 Rxe2+ 39.
Kxe2 Rg4 40. Bf3 Rxh4 41. Ke3 Kg5 42. Ke2 Kf4 43. Kf2 Rh2+ 44. Bg2 h4 45. Kf1
h3 46. Bb7 Rxc2 47. Bxa6 h2 48. Bxb5 h1=Q# 0-1

[Event "DVM U10 2015"]
[Site "Magdeburg GER"]
[Date "2015.12.29"]
[Round "6"]
[White "Janovskij, Konstantin"]
[Black "Rößler, Philipp"]
[Result "1-0"]
[Termination "normal"]
[Board "15.2"]
[WhiteElo "963"]
[BlackElo "1034"]
[WhiteTeam "Hannover 96"]
[BlackTeam "SC 1994 Oberland"]
[PlyCount "33"]
[WhiteFideId "16225252"]
[BlackFideId "16209885"]
[EventCountry "GER"]
[EventRounds "7"]
[EventType "team-swiss"]
[EventDate "2015.12.27"]

1. e4 e5 2. Nf3 Nc6 3. Nc3 Nf6 4. Bb5 Bc5 5. Nxe5 Nxe5 6. d4 Bd6 7. Bf4 Nc6 8.
e5 Nb4 9. exd6 cxd6 10. O-O O-O 11. Re1 Re8 12. Bd2 a6 13. Bc4 b5 14. Qf3 Bb7
15. Rxe8+ Qxe8 16. Re1 Qf8 17. Qxb7 1-0

[Event "DVM U10 2015"]
[Site "Magdeburg GER"]
[Date "2015.12.29"]
[Round "6"]
[White "Kalina, Lena"]
[Black "Mainka, Alwin"]
[Result "0-1"]
[Termination "normal"]
[Board "16.1"]
[WhiteElo "1410"]
[BlackElo "1003"]
[WhiteTeam "SC Landskrone"]
[BlackTeam "DJK Arminia Eilendorf 1919"]
[PlyCount "112"]
[WhiteFideId "12988014"]
[BlackFideId "16241177"]
[EventCountry "GER"]
[EventRounds "7"]
[EventType "team-swiss"]
[EventDate "2015.12.27"]

1. e4 e5 2. Nf3 Nc6 3. Bb5 Nf6 4. Nc3 Bb4 5. O-O d6 6. d4 O-O 7. Bg5 Bg4 8. Qd3
Bxf3 9. Qxf3 Nxd4 10. Qd3 a5 11. Nd5 Ne6 12. Nxf6+ gxf6 13. Bh6 Nf4 14. Qg3+
Ng6 15. Bxf8 Qxf8 16. Bc4 Kh8 17. Qf3 Qe7 18. Qh5 Rf8 19. c3 Bc5 20. a3 Bb6 21.
b4 Nf4 22. Qf5 Rg8 23. g3 Ng6 24. Bb3 Nh4 25. Qh5 Ng6 26. Kh1 Qe8 27. Qf5 Qe7
28. Rfd1 Rf8 29. Rac1 Rd8 30. c4 axb4 31. axb4 Bd4 32. Rc2 Rd7 33. Rdc1 c5 34.
b5 Qe6 35. Qxe6 fxe6 36. Ra2 Rd8 37. Ra7 Kg7 38. Rca1 f5 39. f3 f4 40. Ra8 Rxa8
41. Rxa8 fxg3 42. hxg3 Bf2 43. Kg2 Be1 44. Ra7 Kf6 45. Rxb7 Ba5 46. Rxh7 Ne7
47. Kh3 Bb6 48. Kh4 Ng6+ 49. Kh5 Nf8 50. Rb7 Ba5 51. g4 Bd2 52. Ra7 Ng6 53. b6
Nf4+ 54. Kh4 Ng6+ 55. Kh5 Nf4+ 56. Kh4 Be1# 0-1

[Event "DVM U10 2015"]
[Site "Magdeburg GER"]
[Date "2015.12.29"]
[Round "6"]
[White "Korr, Sören"]
[Black "Müller, Maurice-Pascal"]
[Result "1/2-1/2"]
[Termination "normal"]
[Board "16.2"]
[WhiteElo "887"]
[BlackElo "1002"]
[WhiteTeam "DJK Arminia Eilendorf 1919"]
[BlackTeam "SC Landskrone"]
[PlyCount "11"]
[WhiteFideId "16275241"]
[BlackFideId "16243340"]
[EventCountry "GER"]
[EventRounds "7"]
[EventType "team-swiss"]
[EventDate "2015.12.27"]

1. d4 g6 2. e4 Bg7 3. Nc3 e6 4. Nf3 Ne7 5. e5 d5 (5... d6 6. exd6 cxd6 7. Bg5
Nbc6 8. Bb5 O-O 9. Qd2 Qc7 10. O-O-O Rb8 11. Bh6 Nf5 12. Bxg7 Kxg7 13. g4 Nfe7
14. h4 h6 15. g5 h5 16. Rde1 a6 17. Bxc6 Qxc6 18. Re2 Qxf3 19. Re3 Qxh1+) 6.
exd6 1/2-1/2

[Event "DVM U10 2015"]
[Site "Magdeburg GER"]
[Date "2015.12.29"]
[Round "6"]
[White "Sassenscheidt, Julius"]
[Black "Kinsky, Leonhard"]
[Result "1/2-1/2"]
[Termination "normal"]
[Board "16.4"]
[WhiteElo "776"]
[BlackElo "819"]
[WhiteTeam "DJK Arminia Eilendorf 1919"]
[BlackTeam "SC Landskrone"]
[PlyCount "40"]
[WhiteFideId "16258509"]
[BlackFideId "16255429"]
[EventCountry "GER"]
[EventRounds "7"]
[EventType "team-swiss"]
[EventDate "2015.12.27"]

1. d4 d5 2. c4 dxc4 3. e4 Nf6 4. Nc3 Nc6 5. d5 Ne5 6. Bf4 Bd7 7. Bxe5 c6 8.
Bxc4 Ng4 9. Bg3 e5 10. f3 Ne3 11. Bd3 Nxg2+ 12. Kf2 Nf4 13. Bxf4 exf4 14. e5 g6
15. Qb3 Bg7 16. Nh3 Qh4+ 17. Kg2 O-O-O 18. Nb5 Kb8 19. e6 fxe6 20. dxe6 Bxe6
1/2-1/2

[Event "DVM U10 2015"]
[Site "Magdeburg GER"]
[Date "2015.12.29"]
[Round "6"]
[White "Braun, Erik"]
[Black "Zores, Kai"]
[Result "0-1"]
[Termination "normal"]
[Board "17.1"]
[WhiteElo "991"]
[BlackElo "1053"]
[WhiteTeam "Peiner SV"]
[BlackTeam "Hamburger SK von 1830 3"]
[PlyCount "44"]
[EventCountry "GER"]
[EventRounds "7"]
[EventType "team-swiss"]
[EventDate "2015.12.27"]

1. e4 e5 2. Nf3 Nc6 3. Bb5 Bc5 4. Nc3 d6 5. O-O Bg4 6. h3 Bh5 7. d3 h6 8. Bd2
a6 9. Bc4 Nd4 10. Na4 Nxf3+ 11. gxf3 Qd7 12. Kg2 Qxa4 13. Bd5 Qb5 14. b3 Bd4
15. Rb1 Rb8 16. Bc4 Qd7 17. Qe2 b5 18. Bxf7+ Bxf7 19. f4 Nf6 20. fxe5 dxe5 21.
f3 Be6 22. Rh1 Nh5 0-1

[Event "DVM U10 2015"]
[Site "Magdeburg GER"]
[Date "2015.12.29"]
[Round "6"]
[White "Freitag, Gerrit"]
[Black "Stein, Luis"]
[Result "1/2-1/2"]
[Termination "normal"]
[Board "17.2"]
[WhiteElo "898"]
[BlackElo "943"]
[WhiteTeam "Hamburger SK von 1830 3"]
[BlackTeam "Peiner SV"]
[PlyCount "40"]
[WhiteFideId "34650148"]
[BlackFideId "16268407"]
[EventCountry "GER"]
[EventRounds "7"]
[EventType "team-swiss"]
[EventDate "2015.12.27"]

1. e4 e5 2. Nf3 Nc6 3. Bc4 h6 4. c3 Nf6 5. d3 Bc5 6. Be3 Bxe3 7. fxe3 d6 8. d4
O-O 9. Nbd2 exd4 10. exd4 b6 11. O-O Ng4 12. Re1 Bb7 13. Bd5 Na5 14. Bxb7 Nxb7
15. h3 Nf6 16. e5 dxe5 17. Nxe5 Nd7 18. Nc6 Qf6 19. Ne7+ Kh8 20. Nd5 Qd6
1/2-1/2

[Event "DVM U10 2015"]
[Site "Magdeburg GER"]
[Date "2015.12.29"]
[Round "6"]
[White "Post, Patrick"]
[Black "Mandelkow, Elias"]
[Result "1/2-1/2"]
[Termination "normal"]
[Board "17.3"]
[WhiteElo "926"]
[BlackElo "959"]
[WhiteTeam "Peiner SV"]
[BlackTeam "Hamburger SK von 1830 3"]
[PlyCount "129"]
[BlackFideId "16233239"]
[EventCountry "GER"]
[EventRounds "7"]
[EventType "team-swiss"]
[EventDate "2015.12.27"]

1. e4 e5 2. Nf3 Nc6 3. Bc4 Bc5 4. d3 Nf6 5. Bg5 d6 6. Nbd2 h6 7. Bh4 Bd7 8. Nb3
Bb6 9. a4 a5 10. O-O O-O 11. d4 exd4 12. Nbxd4 Nxd4 13. Nxd4 Bxd4 14. Qxd4 g5
15. Bg3 Nh5 16. Qe3 Nxg3 17. Qxg3 Qf6 18. c3 Bc6 19. Bd5 Bxd5 20. exd5 h5 21.
f4 h4 22. Qxg5+ Qxg5 23. fxg5 c6 24. Rf6 Rad8 25. dxc6 bxc6 26. Rh6 Kg7 27.
Rxh4 Kg6 28. Rg4 Rg8 29. Rf1 Rdf8 30. Rf6+ Kh5 31. h3 Rg6 32. Rd4 Rxf6 33. gxf6
Rd8 34. b4 axb4 35. cxb4 Kg6 36. a5 Kxf6 37. a6 Ke7 38. a7 Ra8 39. Rf4 Ke6 40.
Re4+ Kd7 41. h4 Rxa7 42. h5 Ra8 43. g4 Rh8 44. Rf4 Ke6 45. Kg2 d5 46. Kh3 Ke5
47. Kg3 d4 48. Kf3 f5 49. Rxf5+ Ke6 50. Ke4 Rd8 51. Kd3 Rg8 52. h6 Rh8 53. Kxd4
Rxh6 54. g5 Rh4+ 55. Kc5 Kxf5 56. Kxc6 Kxg5 57. b5 Rh6+ 58. Kc7 Rh7+ 59. Kc6
Rh8 60. b6 Rc8+ 61. Kb7 Rh8 62. Ka7 Rh7+ 63. b7 Kf5 64. Ka8 Rxb7 65. Kxb7
1/2-1/2

[Event "DVM U10 2015"]
[Site "Magdeburg GER"]
[Date "2015.12.29"]
[Round "6"]
[White "Kraft, Adrian"]
[Black "Bungarten, Jona"]
[Result "0-1"]
[Termination "normal"]
[Board "18.1"]
[WhiteElo "1052"]
[BlackElo "1148"]
[WhiteTeam "SC Borussia 1920 Friedrichsfelde"]
[BlackTeam "SF Brackel 1930"]
[PlyCount "24"]
[WhiteFideId "16235010"]
[BlackFideId "16223608"]
[EventCountry "GER"]
[EventRounds "7"]
[EventType "team-swiss"]
[EventDate "2015.12.27"]

1. e4 e5 2. Nf3 Nc6 3. Bc4 Nf6 4. Nc3 Bc5 5. O-O d6 6. d3 Bg4 7. Bg5 Nd4 8. Nd5
c6 9. Nxf6+ gxf6 10. Be3 Nxf3+ 11. gxf3 Bh5 12. Re1 Rg8+ {Rest nicht
nachvollziehbar} 0-1

[Event "DVM U10 2015"]
[Site "Magdeburg GER"]
[Date "2015.12.29"]
[Round "6"]
[White "Zabudkin, David"]
[Black "Klühs, Isabel"]
[Result "0-1"]
[Termination "normal"]
[Board "18.2"]
[WhiteElo "947"]
[BlackElo "886"]
[WhiteTeam "SF Brackel 1930"]
[BlackTeam "SC Borussia 1920 Friedrichsfelde"]
[PlyCount "36"]
[WhiteFideId "34605975"]
[BlackFideId "16228944"]
[EventCountry "GER"]
[EventRounds "7"]
[EventType "team-swiss"]
[EventDate "2015.12.27"]

1. e4 c5 2. Nf3 Nc6 3. Nc3 d6 4. Bb5 Bd7 5. d4 cxd4 6. Nxd4 Nf6 7. Nd5 e6 8.
Nxc6 Bxc6 9. Bxc6+ bxc6 10. Nxf6+ Qxf6 11. O-O Be7 12. Qd3 O-O 13. Qg3 d5 14.
b4 dxe4 15. Bg5 Rab8 16. Rab1 Qd4 17. Qe3 Qxe3 18. fxe3 f6 {Rest nicht
nachvollziehbar} 0-1

[Event "DVM U10 2015"]
[Site "Magdeburg GER"]
[Date "2015.12.29"]
[Round "6"]
[White "Graw, Alexander"]
[Black "Holz, Leonard"]
[Result "1/2-1/2"]
[Termination "normal"]
[Board "19.1"]
[WhiteElo "1008"]
[BlackElo "1211"]
[WhiteTeam "SF Hettstedt 1"]
[BlackTeam "SK Werther 1949"]
[PlyCount "97"]
[WhiteFideId "16227670"]
[EventCountry "GER"]
[EventRounds "7"]
[EventType "team-swiss"]
[EventDate "2015.12.27"]

1. e4 c5 2. Nf3 Nc6 3. d4 cxd4 4. Nxd4 e5 5. Nxc6 bxc6 6. Nc3 Nf6 7. Bc4 Bb4 8.
O-O Bxc3 9. bxc3 Nxe4 10. Qe2 d5 11. Bd3 Bf5 12. Qf3 Qf6 13. Bb2 c5 14. Bxe4
Bxe4 15. Qxf6 gxf6 16. Rac1 Rb8 17. Ba3 c4 18. Rfe1 Bf5 19. Bd6 Rb2 20. Rb1
Rxb1 21. Rxb1 Kd7 22. Bc5 Bxc2 23. Rb2 Be4 24. Bxa7 Kc7 25. Be3 Rb8 26. Rxb8
Kxb8 27. Kf1 Bd3+ 28. Ke1 Kb7 29. Kd2 f5 30. Kc1 Kc6 31. Kb2 Kb5 32. a3 Be4 33.
Bh6 Bxg2 34. Bg7 e4 35. Kc2 Ka4 36. Kd2 Kxa3 37. Ke3 Kb3 38. Kd4 Kc2 39. Kxd5
Kd3 40. Ke5 Kxc3 41. Kxf5+ Kd3 42. Kf6 c3 43. Kxf7 Ke2 44. Bxc3 Kxf2 45. Kg7 h5
46. Kg6 h4 47. Kg5 h3 48. Kg4 e3 49. Bd4 1/2-1/2

[Event "DVM U10 2015"]
[Site "Magdeburg GER"]
[Date "2015.12.29"]
[Round "6"]
[White "Drees, Leon"]
[Black "Isensee, Lennart"]
[Result "1/2-1/2"]
[Termination "normal"]
[Board "19.2"]
[WhiteElo "1072"]
[BlackElo "924"]
[WhiteTeam "SK Werther 1949"]
[BlackTeam "SF Hettstedt 1"]
[PlyCount "51"]
[WhiteFideId "16299523"]
[EventCountry "GER"]
[EventRounds "7"]
[EventType "team-swiss"]
[EventDate "2015.12.27"]

1. e4 e5 2. f4 d6 3. Nf3 exf4 4. d3 Nc6 5. c3 Bg4 6. Bxf4 Nf6 7. Be2 d5 8. e5
Nd7 9. d4 Nb6 10. Nbd2 Be7 11. h3 Bxf3 12. Nxf3 O-O 13. O-O f6 14. Qc2 f5 15.
Bd3 g6 16. Bh6 Rf7 17. b3 Bf8 18. Bxf8 Rxf8 19. c4 Qd7 20. c5 Nc8 21. Ng5 Nxd4
22. Qf2 Ne6 23. Nxe6 Qxe6 24. Rae1 Ne7 25. Qg3 c6 26. Rf2 1/2-1/2

[Event "DVM U10 2015"]
[Site "Magdeburg GER"]
[Date "2015.12.29"]
[Round "6"]
[White "Lehmann, Taylor"]
[Black "Deniz, Kevin"]
[Result "1/2-1/2"]
[Termination "normal"]
[Board "19.3"]
[WhiteElo "949"]
[BlackElo "1050"]
[WhiteTeam "SF Hettstedt 1"]
[BlackTeam "SK Werther 1949"]
[PlyCount "45"]
[WhiteFideId "16240642"]
[BlackFideId "34620346"]
[EventCountry "GER"]
[EventRounds "7"]
[EventType "team-swiss"]
[EventDate "2015.12.27"]

1. e4 e6 2. Nc3 d5 3. exd5 exd5 4. Bb5+ Bd7 5. d3 Bxb5 6. Nxb5 Nc6 7. Nf3 Nf6
8. Qe2+ Be7 9. Bf4 O-O 10. Bxc7 Qd7 11. Bf4 Bc5 12. O-O a6 13. Na3 b5 14. c3
Rfe8 15. Qd2 b4 16. Qc2 bxa3 17. d4 axb2 18. dxc5 bxa1=Q 19. Rxa1 Re7 20. Bd6
Re6 21. Bf4 h6 22. Rd1 Rae8 {nicht weiter nachvollziehbar} 23. Rxd5 1/2-1/2

[Event "DVM U10 2015"]
[Site "Magdeburg GER"]
[Date "2015.12.29"]
[Round "6"]
[White "Dembski, Max"]
[Black "Stowicek, Yara Mathilda"]
[Result "0-1"]
[Termination "normal"]
[Board "20.1"]
[WhiteElo "1072"]
[BlackElo "1394"]
[WhiteTeam "Stader SV"]
[BlackTeam "USV Volksbank Halle"]
[PlyCount "76"]
[BlackFideId "16203569"]
[EventCountry "GER"]
[EventRounds "7"]
[EventType "team-swiss"]
[EventDate "2015.12.27"]

1. d4 Nf6 2. Bf4 d5 3. e3 e6 4. Nf3 c5 5. c4 Nc6 6. a3 Bd7 7. Nc3 a6 8. Qb3 Na5
9. Qa2 Qb6 10. cxd5 Nxd5 11. Nxd5 exd5 12. Qxd5 Qxb2 13. Qa2 Qc3+ 14. Nd2 cxd4
15. exd4 Qxd4 16. Be3 Qe5 17. Bc4 Nxc4 18. Nxc4 Qc3+ 19. Nd2 Be6 20. Qb1 b5 21.
O-O Bd6 22. Ne4 Qc6 23. Nxd6+ Qxd6 24. Rc1 Qd7 25. Bc5 Rc8 26. Bb4 Rxc1+ 27.
Qxc1 f6 28. Qe3 Kf7 29. Rc1 Bc4 30. h3 Re8 31. Qb6 Re6 32. Qc5 Qb7 33. a4 h6
34. axb5 axb5 35. Qf8+ Kg6 36. Qd8 Qa7 37. Rf1 Bxf1 38. Kxf1 Qa1+ 0-1

[Event "DVM U10 2015"]
[Site "Magdeburg GER"]
[Date "2015.12.29"]
[Round "6"]
[White "Schulemann, Gero"]
[Black "Fuchs, Thomas"]
[Result "0-1"]
[Termination "normal"]
[Board "20.2"]
[WhiteElo "1007"]
[BlackElo "948"]
[WhiteTeam "USV Volksbank Halle"]
[BlackTeam "Stader SV"]
[PlyCount "115"]
[WhiteFideId "16227646"]
[BlackFideId "16230574"]
[EventCountry "GER"]
[EventRounds "7"]
[EventType "team-swiss"]
[EventDate "2015.12.27"]

1. e4 c5 2. Bc4 d6 3. Nf3 Nf6 4. e5 dxe5 5. Nxe5 e6 6. d3 Bd6 7. Nf3 O-O 8. Nc3
Bd7 9. Bg5 Bc6 10. Qd2 Nbd7 11. O-O-O Qc7 12. Kb1 a6 13. Rhe1 b5 14. Bb3 a5 15.
a3 b4 16. Na2 a4 17. Bc4 bxa3 18. bxa3 Rab8+ 19. Ka1 Qb7 20. Rb1 Qc7 21. Rxb8
Rxb8 22. Rb1 Be5+ 23. c3 Rxb1+ 24. Kxb1 Bxf3 25. gxf3 Nb6 26. Bb5 Qd6 27. f4
Ne4 28. Qe3 Nxg5 29. fxg5 g6 30. h4 Nd5 31. Qc1 Qb6 32. c4 Nc7 33. Nc3 Nxb5 34.
Nxb5 f6 35. f4 Bd4 36. gxf6 Bxf6 37. Qh1 Qd8 38. Qe4 Qd7 39. h5 gxh5 40. Kc2 h4
41. Qh1 Qg7 42. Nd6 Qg4 43. Ne8 Kf7 44. Nd6+ Kg6 45. Qe4+ Kg7 46. Ne8+ Kf7 47.
Nd6+ Kg8 48. Ne8 Be7 49. Qb7 Kf8 50. Qc8 Kf7 51. Kd2 Qxf4+ 52. Ke2 Qg4+ 53. Kf1
h3 54. Qc6 h2 55. Qh1 Qh3+ 56. Ke2 Kxe8 57. Kf2 Bh4+ 58. Ke2 0-1

[Event "DVM U10 2015"]
[Site "Magdeburg GER"]
[Date "2015.12.29"]
[Round "6"]
[White "Zöllner, Bente"]
[Black "Wähler, Joris"]
[Result "1-0"]
[Termination "normal"]
[Board "20.3"]
[WhiteElo "764"]
[BlackElo "913"]
[WhiteTeam "Stader SV"]
[BlackTeam "USV Volksbank Halle"]
[PlyCount "65"]
[WhiteFideId "16230523"]
[BlackFideId "16299388"]
[EventCountry "GER"]
[EventRounds "7"]
[EventType "team-swiss"]
[EventDate "2015.12.27"]

1. d4 d5 2. Nf3 Nc6 3. Bf4 Nf6 4. e3 a6 5. Bd3 Bg4 6. Nbd2 e6 7. O-O Bb4 8. c3
Bd6 9. Bxd6 Qxd6 10. Qc2 Bxf3 11. Nxf3 Ng4 12. Rfe1 Ne7 13. Qb3 O-O 14. Qc2 Ng6
15. Bxg6 fxg6 16. Qe2 Rf7 17. e4 Raf8 18. Ne5 h6 19. Qxg4 Rf6 20. exd5 exd5 21.
Re3 Rf4 22. Qg3 c5 23. Rf3 Rxf3 24. Nxf3 Kh7 25. Re1 Qb6 26. Re5 Qxb2 27. h3
Qxa2 28. Re7 Qa1+ 29. Kh2 Qxc3 30. Qc7 Qa3 31. Rxg7+ Kh8 32. Rh7+ Kg8 33. Qg7#
1-0

[Event "DVM U10 2015"]
[Site "Magdeburg GER"]
[Date "2015.12.29"]
[Round "6"]
[White "Gehrke, Gina Celina"]
[Black "Gehle, Joshua"]
[Result "1-0"]
[Termination "normal"]
[Board "21.1"]
[WhiteElo "1519"]
[BlackElo "910"]
[WhiteTeam "SV "Glück auf" Rüdersdorf"]
[BlackTeam "SV Bad Schwartau von 1930"]
[PlyCount "103"]
[WhiteFideId "16205979"]
[BlackFideId "16273753"]
[EventCountry "GER"]
[EventRounds "7"]
[EventType "team-swiss"]
[EventDate "2015.12.27"]

1. d4 d5 2. e3 Nc6 3. c3 e5 4. Bd3 e4 5. Bc2 Nf6 6. Nd2 Bg4 7. f3 Bh5 8. Qe2 a6
9. Qf2 Bg6 10. Ne2 Be7 11. O-O Qd7 12. Ng3 exf3 13. Bxg6 fxg2 14. Bxf7+ Kxf7
15. Qxg2 Rhf8 16. e4 Kg8 17. e5 Ng4 18. Nf3 h6 19. h3 Ngxe5 20. Nxe5 Rxf1+ 21.
Nxf1 Nxe5 22. dxe5 Rf8 23. Be3 c6 24. Re1 c5 25. Bf2 d4 26. e6 Qd8 27. Ng3 b6
28. Nh5 Bg5 29. Bh4 Qe7 30. Bxg5 hxg5 31. cxd4 cxd4 32. Ng3 d3 33. Nf1 Rd8 34.
Nd2 b5 35. Qf3 a5 36. Qf7+ Qxf7 37. exf7+ Kxf7 38. Nb3 d2 39. Rd1 Kf6 40. Rxd2
Rxd2 41. Nxd2 Kf5 42. Kf2 Kf4 43. b3 g4 44. hxg4 Kxg4 45. Kg2 g5 46. a4 bxa4
47. bxa4 Kf4 48. Kf2 g4 49. Nc4 g3+ 50. Kg2 Kg4 51. Nxa5 Kf4 52. Nc6 1-0

[Event "DVM U10 2015"]
[Site "Magdeburg GER"]
[Date "2015.12.29"]
[Round "6"]
[White "Sallandt, Frido"]
[Black "Petersen, Sophie"]
[Result "0-1"]
[Termination "normal"]
[Board "21.2"]
[WhiteElo "987"]
[BlackElo "942"]
[WhiteTeam "SV Bad Schwartau von 1930"]
[BlackTeam "SV "Glück auf" Rüdersdorf"]
[PlyCount "25"]
[WhiteFideId "16231767"]
[BlackFideId "16229380"]
[EventCountry "GER"]
[EventRounds "7"]
[EventType "team-swiss"]
[EventDate "2015.12.27"]

1. e4 d5 2. exd5 Qxd5 3. Nc3 Qa5 4. Nf3 Nf6 5. d3 c6 6. Bd2 Bf5 7. Ne4 Qc7 8.
Nxf6+ exf6 9. d4 Bd6 10. Bc4 Nd7 11. Qe2+ Be7 12. Bb4 Nb6 13. Bd6 {nicht mehr
nachvollziehbar} 0-1